LEADER 01159nam a2200325 i 4500 001 991000897459707536 005 20020507175440.0 008 980205s1990 us ||| | eng 020 $a0387971556 035 $ab10772698-39ule_inst 035 $aLE01303997$9ExL 040 $aDip.to Matematica$beng 082 0 $a530.15353 084 $aAMS 76N 084 $aQA1.A647 100 1 $aJoseph, Daniel D.$015382 245 10$aFluid dynamics of viscoelastic liquids /$cDaniel D. Joseph 260 $aNew York :$bSpringer-Verlag,$cc1990 300 $axvii, 755 p. :$bill. (some col.) ;$c25 cm. 490 0 $aApplied mathematical sciences ;$v84 500 $aIncludes bibliographical references (p. [719]-734) and indexes 650 4$aLiquids 650 4$aPartial differential equations 650 4$aViscous flow 907 $a.b10772698$b23-02-17$c28-06-02 912 $a991000897459707536 945 $aLE013 76N JOS11 (1990)$g1$i2013000096186$lle013$o-$pE0.00$q-$rl$s- $t0$u0$v0$w0$x0$y.i1087124x$z28-06-02 996 $aFluid dynamics of viscoelastic liquids$983418 997 $aUNISALENTO 998 $ale013$b01-01-98$cm$da $e-$feng$gus $h0$i1 LEADER 02819 am 22004453u 450 001 9910137166303321 005 20230613143819.0 024 7 $a10.21983/P3.0103.1.00 035 $a(CKB)3710000000534141 035 $a(OAPEN)1004576 035 $a(oapen)https://directory.doabooks.org/handle/20.500.12854/38886 035 $a(EXLCZ)993710000000534141 100 $a20200123h20152015 fy 0 101 0 $aeng 135 $auubu#---auuuu 181 $ctxt$2rdacontent 182 $cc$2rdamedia 183 $acr$2rdacarrier 200 12$aA rushed quality /$fDavid Odell 210 $aBrooklyn, NY$cpunctum books$d2015 210 1$aBrooklyn, NY :$cpunctum books,$d2015. 210 4$d©2015 215 $a1 online resource (326 pages) $cillustrations; PDF, digital file(s) 311 08$aPrint version: 9780692426562 320 $aIncludes bibliographical references. 330 $aThese fragments collected here (in 2 books, ?A Rushed Quality? and ?Bodying Forth?) belong neither to philosophy nor to poetry ? and yet they are for the most part focused on a substantial area of overlap between these two venerable disciplines, vis-à-vis the question, ?What is it like to be X?? Philosophers like to fill in the X with something exotic like a bat or a dolphin, or even an Artificial Intelligence, while poets tend to fill it with something else, equally exotic, namely themselves. For the diffident and introspective author of A Rushed Quality and Bodying Forth, the X, while definitely human, is perhaps someone in general, equally distant from and equally intimate with both the writer and the reader in the very moment of their eponymous activity. The start of it all was the perception of what was called the ?rushed quality,? as something persistent and bothersome and of which there was no question of its ever being shed. Rather than evaded or denied, it was welcomed because it seemed for the first time since childhood to mark a structural occurrence presenting a new metaphysical datum. As it happened, this quality proved very elusive in its mature bothersomeness and the inquiry into it soon turned into a sort of quasi-theoretical fascination, which took as its main theme the fate of pure subjectivity ? the utterly unfunctional, utterly useless, utterly dispensible feeling of being. The rushed quality is perhaps merely the sense of it draining away, or its long-sustained decrescendo. 606 $aPoetry 606 $aPhilosophy 610 $apoetic philosophy 610 $aphenomenology 610 $amemoir 610 $ameditations 615 0$aPoetry. 615 0$aPhilosophy. 700 $aOdell$b David$0904790 801 0$bUkMaJRU 906 $aBOOK 912 $a9910137166303321 996 $aA rushed quality$92023449 997 $aUNINA